Biblioteca

The church (Registro nro. 32811)

Detalles MARC
000 -LÍDER
Campo fijo de descripción fija 03583cam a2200421 i 4500
001 - NÚMERO DE CONTROL
Campo de control 10291
003 - IDENTIFICADOR DEL NÚMERO DE CONTROL
Campo de control CO-MdFUSB
005 - FECHA Y HORA DE LA ULTIMA TRANSACCIÓN
control field 20190322144228.0
008 - ELEMENTOS DE LONGITUD FIJA -- INFORMACIÓN GENERAL
Campo fijo de descripción fija -- Información general 690619t19681967nyu b 001 0deng
010 ## - NÚMERO DE CONTROL DE LA BIBLIOTECA DEL CONGRESO
Número de control LC 68013844
020 ## - NÚMERO INTERNACIONAL NORMALIZADO PARA LIBROS
Número Internacional Normalizado del libro 0860121992
040 ## - FUENTE DE CATALOGACIÓN
Agencia de catalogación original DLC
Idioma de catalogación spa
Agencia que realiza la transcripción CO-MdFUSB
Agencia que realiza la modificación OCL
-- OCLCQ
-- OCLCG
-- NIALS
-- EDX
-- CFT
-- OCLCA
-- OCLCF
-- OCLCQ
-- MXL
-- NJR
-- OCLCO
-- CNUTO
-- OCLCQ
-- OCLCA
Convenciones de la descripción rda
041 1# - CÓDIGO DE IDIOMA
Código de idioma para texto/pista de sonido o título separado eng
Language code of original ger
055 03 - CLASSIFICATION NUMBERS ASSIGNED IN CANADA
Classification number BX1746
Item number .K813 1968
082 00 - NÚMERO DE CLASIFICACIÓN DECIMAL DEWEY
Número de clasificación 22
Número de la edición del Dewey 262.7
Clave de autor-Numero de item k96c
100 1# - ASIENTO PRINCIPAL--NOMBRE PERSONAL
Nombre personal Küng, Hans,
Fechas asociadas con el nombre 1928-
Título de una obra autor.
240 10 - TÍTULO UNIFORME
Título uniforme <a href="Kirche.">Kirche.</a>
Lenguaje del trabajo Inglés
245 14 - TÍTULO
Título del Material The church
Mención de responsabilidad, etc. / Hans Küng ; traducido por Die Kirche
264 #1 - PRODUCCIÓN, PUBLICACIÓN, DISTRIBUCIÓN, MANUFACTURA, Y COPYRIGHT
Lugar de producción, publicación, distribución, manufactura New York :
Nombre del productor, publicador, distribuidor Burns and Oates
Fecha de producción, publicación, distribución, manufactura, o copyright [1968]
264 #4 - PRODUCCIÓN, PUBLICACIÓN, DISTRIBUCIÓN, MANUFACTURA, Y COPYRIGHT
Fecha de producción, publicación, distribución, manufactura, o copyright ©1967.
300 ## - DESCRIPCIÓN FÍSICA
Extensión xiv, 515 páginas ;
Dimensiones 22 cm.
336 ## - CONTENT TYPE
Content type term texto
Content type code txt
Source rdacontent.
337 ## - MEDIA TYPE
Media type term sin mediación
Media type code n
Source rdamedia.
338 ## - CARRIER TYPE
Carrier type term volumen
Carrier type code nc
Source rdacarrier.
505 00 - NOTA DE CONTENIDO
Nota de contenido con formato preestablecido A. The church as it is -- 1. Historicity and the image of the church -- Essence and historical forms -- The development of the image of the church in church history -- The changing image of the church in the New Testament -- 2. Distortions of the image of the church -- The church as the object of admiration and criticism; the nature and "un-nature" of the church -- The church as the object of faith -- Visible and invisible.
505 00 - NOTA DE CONTENIDO
Nota de contenido con formato preestablecido B. The coming reign of God -- 1. The preaching of Jesus -- The appeal to the gospel of Jesus -- The gospel message of the reign of God -- 2. Foundation of a church? -- The nearness of the reign of God in Jesus -- Between already and not yet -- Jesus and the beginning of the church -- 3. The eschatological community of salvation -- The ekklesia as congregation, community, church -- Similarities and differences between church and reign of God -- In the service of the reign of God.
505 00 - NOTA DE CONTENIDO
Nota de contenido con formato preestablecido C. The fundamental structure of the church -- 1. The church as the people of God -- Beyond Judaism? -- From the ancient to the new people of God -- The church, the people of God today -- The church and the Jews -- 2. The church as the creation of the Spirit -- The new freedom -- The church of the Spirit -- The continuing charismatic structure -- The church and the enthusiasts -- 3. The church as the body of Christ -- Members through baptism -- United in the fellowship of the Lord's Supper -- The local community and the whole church as the body of Christ -- The church and the heretics.
505 00 - NOTA DE CONTENIDO
Nota de contenido con formato preestablecido D. The dimensions of the church -- 1. The church is one -- What is the true church? -- Unity in diversity -- Reunion of the churches -- 2. The church is catholic -- Catholicity in identity -- No salvation outside the church? -- 3. The church is holy -- Sinful and yet holy -- Forgiveness and renewal as continuing aspects of the life of the church -- 4. The church is apostolic -- Founded on the apostles -- Apostolicity and succession.
505 00 - NOTA DE CONTENIDO
Nota de contenido con formato preestablecido E. The offices of the church -- 1. The priesthood of all believers -- Christ as the only high priest and mediator -- The royal priesthood of all Christians -- 2. Ecclesiastical office as ministry -- Service as the imitation of Christ -- The diaconal structure -- The Petrine power and the Petrine ministry -- Epilogue.
505 00 - NOTA DE CONTENIDO
Título La iglesia es esta.
-- El reino venidero de Dios.
-- La estructura fundamental de la iglesia.
-- Las dimensiones de la iglesia.
650 #0 - ASIENTO SECUNDARIO DE MATERIA - TERMINO TEMÁTICO
Término temático o nombre geográfico como elemento de entrada Church.
650 #7 - ASIENTO SECUNDARIO DE MATERIA - TERMINO TEMÁTICO
Término temático o nombre geográfico como elemento de entrada Iglesia
9 (RLIN) 655
Término de relación Eclesiología
Subdivisión de forma Filosofía y teoría.
650 #7 - ASIENTO SECUNDARIO DE MATERIA - TERMINO TEMÁTICO
Término temático o nombre geográfico como elemento de entrada Church.
Authority record control number (OCoLC)fst00860364.
700 1# - ASIENTO SECUNDARIO - NOMBRE PERSONAL
Nombre personal Kirche, Die,
Responsabilidad traductor.
942 ## - TIPO DE MATERIAL (KOHA)
Tipo de Item KOHA Libros General
Existencias
Estado de Material Estado de Perdido Forma de Clasificación Estado de Dañado No para Préstamo Colección Tomo Biblioteca de Origen Biblioteca Permanente Fecha de Adquisición Total de Préstamos Signatura Topográfica Código de Barras Última vez visto Última vez Préstado Ejemplar/Existencia Fecha de Remplazo Tipo de Material
    Dewey Decimal Classification     Colección General   Biblioteca FUSBC Biblioteca FUSBC 20/10/2004 1 G 262.7 K96c 14644 27/05/2023 02/03/2023 Ej. 1 26/01/2016 Libros General

Biblioteca FUSBC | Teléfono: (57+4) 349 88 10 Ext. 141| WhatsApp (+57) 3005338115 
E-mail: biblioteca@unisbc.edu.co | Calle 76 87-14 Robledo Palenque, Medellín, Colombia

Con tecnología Koha